=LDR 00000nam 2200000 4500 =001 NUTBA000000000002535 =005 20210202124238 =035 ##$$a 0010-061400000000478 =008 210202################g##########0#ind## =020 ##$$a 978-979-29-0707-0 =040 ##$$a NBPDMAT =082 ##$$a 338.04 =090 ##$$a 338.04 $b Eka s =100 #$$a Eka Dharma Pranoto =245 1#$$a Siapa bilang buka usaha itu susah /$c Eka Dharma Pranoto =250 ##$$a cet.1 =260 ##$$a Yogyakarta :$b Andi,$c 2010 =300 ##$$a 98 hlm. : $b ilus. ; $c 21x14 cm. =650 #4$$a Entereneuship =084 ##$$a 338.04 EKA s =990 ##$$a 21403927 =990 ##$$a 21403928 =990 ##$$a 21403929 =990 ##$$a 21403930 =990 ##$$a 21403931 =990 ##$$a 21412852 =990 ##$$a 21412853 =990 ##$$a 21412854 =990 ##$$a 21412855 =990 ##$$a 21412856 =990 ##$$a 21412855 =990 ##$$a 21403927 =990 ##$$a 21403928 =990 ##$$a 21403929 =990 ##$$a 21403930 =990 ##$$a 21403931 =990 ##$$a 21412852 =990 ##$$a 21412853 =990 ##$$a 21412854 =990 ##$$a 21412856 =990 ##$$a 21403930 =990 ##$$a 21403927 =990 ##$$a 21403928 =990 ##$$a 21403929 =990 ##$$a 21403931 =990 ##$$a 21412852 =990 ##$$a 21412853 =990 ##$$a 21412854 =990 ##$$a 21412855 =990 ##$$a 21412856 =990 ##$$a 21403929 =990 ##$$a 21403927 =990 ##$$a 21403928 =990 ##$$a 21403930 =990 ##$$a 21403931 =990 ##$$a 21412852 =990 ##$$a 21412853 =990 ##$$a 21412854 =990 ##$$a 21412855 =990 ##$$a 21412856 =990 ##$$a 21412856 =990 ##$$a 21403927 =990 ##$$a 21403928 =990 ##$$a 21403929 =990 ##$$a 21403930 =990 ##$$a 21403931 =990 ##$$a 21412852 =990 ##$$a 21412853 =990 ##$$a 21412854 =990 ##$$a 21412855